Impact of the tropical cyclone Ockhi on rubber cultivation in Kanyakumari and vulnerability of rubber plantations in cyclone prone areas (Record no. 49470)

MARC details
000 -LEADER
fixed length control field 00525nam a2200169Ia 4500
100 ## - MAIN ENTRY--AUTHOR NAME
Personal name Jacob J
245 #0 - TITLE STATEMENT
Title Impact of the tropical cyclone Ockhi on rubber cultivation in Kanyakumari and vulnerability of rubber plantations in cyclone prone areas
260 ## - PUBLICATION, DISTRIBUTION, ETC. (IMPRINT)
Name of publisher Rubber Science
Year of publication 2017
300 ## - PHYSICAL DESCRIPTION
Number of Pages 201-207
650 ## - SUBJECT ADDED ENTRY--TOPICAL TERM
Topical Term Global warming
650 ## - SUBJECT ADDED ENTRY--TOPICAL TERM
Topical Term Kanyakumari
650 ## - SUBJECT ADDED ENTRY--TOPICAL TERM
Topical Term Ockhi
650 ## - SUBJECT ADDED ENTRY--TOPICAL TERM
Topical Term Rubber cultivation 5tropical cyclone
700 ## - ADDED ENTRY--PERSONAL NAME
Personal name Pradeep B
942 ## - ADDED ENTRY ELEMENTS (KOHA)
Koha item type Bibliography STAF
Holdings
Withdrawn status Lost status Damaged status Not for loan Home library Current library Shelving location Date acquired Serial Enumeration / chronology Koha item type
      Bibliography RRII Library RRII Library Climate change 01/01/2021 Volume 30, Issue 3 Bibliography STAF